[Event "Olympiad-44"]
[Site "Chennai"]
[Date "2022.08.06"]
[Round "8.4"]
[White "Mwadzura, Roy"]
[Black "Apol, Luitjen Akselsson"]
[Result "1-0"]
[WhiteElo "2093"]
[BlackElo "2289"]
[PlyCount "51"]
[EventDate "2022.07.29"]
[EventType "team-swiss"]
[EventRounds "11"]
[EventCountry "IND"]
[SourceTitle "CBM 210"]
[Source "ChessBase"]
[SourceDate "2022.10.31"]
[SourceVersion "1"]
[SourceVersionDate "2022.10.31"]
[SourceQuality "1"]
[WhiteTeam "Zimbabwe"]
[BlackTeam "Faroe Islands"]
[WhiteTeamCountry "ZIM"]
[BlackTeamCountry "FAI"]

1. e4 c5 2. Ne2 Nf6 3. d3 Nc6 4. g3 d5 5. Nd2 e5 6. Bg2 Be7 7. h3 h5 8. f4 h4 9. g4 exf4 10. Nxf4 dxe4 11. Nxe4 0-0 12. Be3 Re8 13. Qd2 Nd4 14. 0-0-0 Nxe4 15. Bxe4 Bg5 16. Kb1 Qd6 17. Nh5 Bxe3 18. Qxe3 Qe7 19. Rde1 Be6 20. g5 Bf5 21. Qf4 c4 22. Qxh4 c3 23. Nf6+ gxf6 24. gxf6 Qb4 25. Reg1+ Bg6 26. Rxg6+ 1-0

[Event "Olympiad-44"]
[Site "Chennai"]
[Date "2022.08.01"]
[Round "4.4"]
[White "Mwadzura, Roy"]
[Black "Forbes, Garry"]
[Result "1-0"]
[WhiteElo "2093"]
[BlackElo "1908"]
[PlyCount "73"]
[EventDate "2022.07.29"]
[EventType "team-swiss"]
[EventRounds "11"]
[EventCountry "IND"]
[SourceTitle "CBM 210"]
[Source "ChessBase"]
[SourceDate "2022.10.31"]
[SourceVersion "1"]
[SourceVersionDate "2022.10.31"]
[SourceQuality "1"]
[WhiteTeam "Zimbabwe"]
[BlackTeam "Jersey"]
[WhiteTeamCountry "ZIM"]
[BlackTeamCountry "GCI"]

1. e4 d5 2. exd5 Nf6 3. d4 Bg4 4. f3 Bf5 5. c4 e6 6. dxe6 Nc6 7. Be3 Bb4+ 8. Nc3 Qe7 9. Bd3 Bxe6 10. Qd2 0-0-0 11. Nge2 Rhe8 12. Bf2 Kb8 13. 0-0 g5 14. d5 Bxd5 15. cxd5 Nxd5 16. Nxd5 Rxd5 17. Qc2 Rxd3 18. Qxd3 Qxe2 19. Qxe2 Rxe2 20. a3 Ba5 21. b4 Bb6 22. Bxb6 axb6 23. Rfe1 Rd2 24. Rad1 Rxd1 25. Rxd1 Kc8 26. Rd5 h6 27. Rf5 Nd8 28. Rf6 h5 29. Rf5 g4 30. Rxh5 gxf3 31. gxf3 Kd7 32. h4 Ne6 33. Rh8 c5 34. Kf2 Kc6 35. h5 cxb4 36. axb4 Kb5 37. Rg8 1-0

[Event "Olympiad-44"]
[Site "Chennai"]
[Date "2022.07.31"]
[Round "3.4"]
[White "Vera Siguenas, Deivy Anthoni"]
[Black "Mwadzura, Roy"]
[Result "1/2-1/2"]
[WhiteElo "2503"]
[BlackElo "2093"]
[PlyCount "83"]
[EventDate "2022.07.29"]
[EventType "team-swiss"]
[EventRounds "11"]
[EventCountry "IND"]
[SourceTitle "CBM 210"]
[Source "ChessBase"]
[SourceDate "2022.10.31"]
[SourceVersion "1"]
[SourceVersionDate "2022.10.31"]
[SourceQuality "1"]
[WhiteTeam "Peru"]
[BlackTeam "Zimbabwe"]
[WhiteTeamCountry "PER"]
[BlackTeamCountry "ZIM"]

1. d4 Nf6 2. c4 e6 3. Nc3 d5 4. cxd5 exd5 5. Bg5 c6 6. e3 h6 7. Bh4 Be7 8. Bd3 Be6 9. Nf3 Nbd7 10. Qc2 Rc8 11. 0-0 0-0 12. Rad1 Re8 13. h3 Qc7 14. Bg3 Bd6 15. Bxd6 Qxd6 16. a3 c5 17. dxc5 Nxc5 18. Nd4 Qb6 19. Bb5 Red8 20. Qe2 a6 21. Na4 Nxa4 22. Bxa4 Rc4 23. Bc2 Rdc8 24. Bd3 R4c7 25. f3 Re8 26. Qf2 Rce7 27. Rfe1 Bd7 28. Rc1 Re5 29. b4 Qd6 30. Rc3 Kh8 31. Bf1 R5e7 32. Rec1 Re5 33. Rd1 Qb6 34. Qd2 Rg5 35. g4 Rge5 36. Re1 Qd6 37. Qh2 Qb6 38. Qf2 Kg8 39. Rc5 h5 40. Bg2 hxg4 41. hxg4 Bxg4 42. fxg4 1/2-1/2

[Event "Olympiad-44"]
[Site "Chennai"]
[Date "2022.07.30"]
[Round "2.4"]
[White "Seder, Mohamad"]
[Black "Mwadzura, Roy"]
[Result "1/2-1/2"]
[WhiteElo "1950"]
[BlackElo "2093"]
[PlyCount "113"]
[EventDate "2022.07.29"]
[EventType "team-swiss"]
[EventRounds "11"]
[EventCountry "IND"]
[SourceTitle "CBM 210"]
[Source "ChessBase"]
[SourceDate "2022.10.31"]
[SourceVersion "1"]
[SourceVersionDate "2022.10.31"]
[SourceQuality "1"]
[WhiteTeam "Palestine"]
[BlackTeam "Zimbabwe"]
[WhiteTeamCountry "PLE"]
[BlackTeamCountry "ZIM"]

1. e4 e6 2. d4 d5 3. Nd2 Nf6 4. e5 Nfd7 5. f4 c5 6. c3 Nc6 7. Ndf3 Qb6 8. a3 a5 9. Ne2 f6 10. g3 a4 11. Bh3 f5 12. g4 g6 13. gxf5 exf5 14. Bg2 Be7 15. h4 h5 16. 0-0 cxd4 17. cxd4 Qd8 18. Ng5 Nb6 19. Kh2 Na5 20. Nc3 Nac4 21. b3 axb3 22. Qxb3 Ra5 23. a4 0-0 24. Rd1 Kh8 25. Bd2 Bxg5 26. hxg5 Be6 27. Nb5 Nxd2 28. Rxd2 Nc4 29. Re2 Qb6 30. Rb1 Rfa8 31. Ra2 Kg8 32. Kh1 R5a6 33. Nd6 Qxd4 34. Qxb7 Qxf4 35. Bxd5 Qxe5 36. Bxc4 Qxd6 37. Bxe6+ Qxe6 38. Rc1 R6a7 39. Qc6 Qxc6+ 40. Rxc6 Ra6 41. Rac2 Rxc6 42. Rxc6 Kf7 43. Rc7+ Ke6 44. Rc6+ Ke5 45. Rxg6 Rxa4 46. Rb6 Rh4+ 47. Kg2 Rg4+ 48. Kf3 h4 49. Rb5+ Ke6 50. Rb6+ Ke7 51. Rh6 Rxg5 52. Rxh4 Kf6 53. Ra4 Rg1 54. Ra8 Rb1 55. Rf8+ Ke6 56. Re8+ Kf7 57. Ra8 1/2-1/2

[Event "Online Olym Div2 C"]
[Site "Chess.com INT"]
[Date "2021.09.03"]
[Round "4.5"]
[White "Elsness, Frode"]
[Black "Mwadzura, Roy"]
[Result "1-0"]
[WhiteElo "2467"]
[BlackElo "2017"]
[PlyCount "139"]
[EventDate "2021.09.02"]
[EventType "team (rapid)"]
[EventRounds "9"]
[EventCountry "USA"]
[SourceTitle "CBM 204 Extra"]
[Source "ChessBase"]
[SourceDate "2021.11.30"]
[SourceVersion "1"]
[SourceVersionDate "2021.11.30"]
[SourceQuality "1"]
[WhiteTeam "Norway"]
[BlackTeam "Zimbabwe"]
[WhiteTeamCountry "NOR"]
[BlackTeamCountry "ZIM"]

1. d4 Nf6 2. c4 e6 3. Nf3 d5 4. g3 c6 5. Bg2 Nbd7 6. 0-0 Bd6 7. Nc3 0-0 8. Nd2 Bc7 9. e4 dxe4 10. Ndxe4 h6 11. Be3 Nxe4 12. Bxe4 f5 13. Bg2 f4 14. gxf4 Qh4 15. Qf3 Bxf4 16. Qh3 Qxh3 17. Bxh3 Nb6 18. b3 e5 19. Bxc8 Raxc8 20. Bxf4 exf4 21. Rfe1 Rfe8 22. Kg2 Rcd8 23. Rxe8+ Rxe8 24. Kf3 Rf8 25. h4 Nc8 26. Re1 Nd6 27. d5 cxd5 28. Nxd5 Kh7 29. Re6 Nf5 30. Kg4 Rf7 31. Re4 g6 32. Rxf4 h5+ 33. Kg5 Kg7 34. Ne3 Nd6 35. Rxf7+ Nxf7+ 36. Kf4 Kf6 37. Nd5+ Ke6 38. Nc7+ Ke7 39. f3 a6 40. Nd5+ Ke6 41. Ke4 Nd6+ 42. Kf4 Nf7 43. Ne3 Kd6 44. Ke4 Ke6 45. c5 Nh6 46. Kf4 Nf7 47. b4 Ke7 48. a4 Kd7 49. Ke4 Ke6 50. Nc4 Nd8 51. Na5 Kf6 52. f4 Ke6 53. b5 axb5 54. axb5 Kd7 55. Kd5 Kc7 56. b6+ Kc8 57. Kd6 Nf7+ 58. Ke6 Nh6 59. Kf6 Nf5 60. Kxg6 Nxh4+ 61. Kxh5 Nf5 62. Kg6 Ne7+ 63. Kf7 Nd5 64. f5 Nf4 65. Ke7 Nd3 66. Nb3 Ne5 67. f6 Ng6+ 68. Ke8 Ne5 69. f7 Nd7 70. f8Q 1-0

[Event "Online Olym Div2 C"]
[Site "Chess.com INT"]
[Date "2021.09.02"]
[Round "2.4"]
[White "Mwadzura, Roy"]
[Black "Abdulla, Murad"]
[Result "1-0"]
[WhiteElo "2017"]
[BlackElo "2287"]
[PlyCount "157"]
[EventDate "2021.09.02"]
[EventType "team (rapid)"]
[EventRounds "9"]
[EventCountry "USA"]
[SourceTitle "CBM 204 Extra"]
[Source "ChessBase"]
[SourceDate "2021.11.30"]
[SourceVersion "1"]
[SourceVersionDate "2021.11.30"]
[SourceQuality "1"]
[WhiteTeam "Zimbabwe"]
[BlackTeam "Scotland"]
[WhiteTeamCountry "ZIM"]
[BlackTeamCountry "SCO"]

1. e4 c5 2. d3 Nc6 3. g3 g6 4. Bg2 Bg7 5. c3 e6 6. Ne2 Nge7 7. 0-0 0-0 8. Be3 b6 9. f4 Bb7 10. a4 Rc8 11. Na3 d6 12. d4 cxd4 13. Nxd4 d5 14. e5 Nxd4 15. Bxd4 Qd7 16. Re1 Bc6 17. Nb1 Nf5 18. Bf2 h5 19. Nd2 Rfd8 20. Nf3 Qb7 21. Bd4 a5 22. Qd2 Ra8 23. Qf2 Rdb8 24. Bf1 b5 25. axb5 Bxb5 26. Bxb5 Qxb5 27. Ra2 Bf8 28. Rea1 Ra6 29. h3 Nh6 30. Kh2 Rba8 31. Qc2 a4 32. Bf2 a3 33. bxa3 Rxa3 34. Rxa3 Rxa3 35. Nd4 Qa6 36. Rxa3 Qxa3 37. Kg2 Qa6 38. Nf3 Nf5 39. g4 hxg4 40. hxg4 Ne7 41. Bc5 Qc4 42. Bd4 Bh6 43. Kg3 Nc6 44. f5 exf5 45. gxf5 Ne7 46. fxg6 fxg6 47. e6 Qc6 48. Qe2 Qd6+ 49. Kf2 Qf4 50. Bc5 Bf8 51. Qe5 Qxe5 52. Nxe5 Kg7 53. Nd7 g5 54. Kf3 Ng6 55. Bd4+ Kg8 56. Kg4 Be7 57. Bf6 Bxf6 58. Nxf6+ Kf8 59. Kxg5 Ne5 60. Nxd5 Nc6 61. Kf6 Ke8 62. e7 Kd7 63. c4 Nxe7 64. Nxe7 Kd6 65. Nd5 Kc5 66. Ne3 Kd4 67. Ke6 Kc5 68. Ke5 Kc6 69. Kd4 Kd6 70. c5+ Kc6 71. Kc4 Kc7 72. Kd5 Kd7 73. c6+ Kc7 74. Kc5 Kc8 75. Kd6 Kd8 76. c7+ Kc8 77. Nd5 Kb7 78. Kd7 Ka7 79. Kc6 1-0

[Event "Online Olym Div2 C"]
[Site "Chess.com INT"]
[Date "2021.09.02"]
[Round "1.3"]
[White "Tomic, Aleksandar1111"]
[Black "Mwadzura, Roy"]
[Result "1-0"]
[WhiteElo "2327"]
[BlackElo "2017"]
[PlyCount "121"]
[EventDate "2021.09.02"]
[EventType "team (rapid)"]
[EventRounds "9"]
[EventCountry "USA"]
[SourceTitle "CBM 204 Extra"]
[Source "ChessBase"]
[SourceDate "2021.11.30"]
[SourceVersion "1"]
[SourceVersionDate "2021.11.30"]
[SourceQuality "1"]
[WhiteTeam "Montenegro"]
[BlackTeam "Zimbabwe"]
[WhiteTeamCountry "MNE"]
[BlackTeamCountry "ZIM"]

1. d4 Nf6 2. c4 e6 3. Nf3 d5 4. Nc3 Be7 5. Bg5 b6 6. e3 Nbd7 7. cxd5 exd5 8. Bb5 Bb7 9. Ne5 0-0 10. Nc6 Qe8 11. Nxe7+ Qxe7 12. Bxd7 Qxd7 13. Bxf6 gxf6 14. Qf3 Qd6 15. Qg3+ Qxg3 16. hxg3 c6 17. Kd2 Bc8 18. Rac1 Bf5 19. b4 Rfd8 20. Ne2 Rac8 21. Rc3 Kf8 22. Rhc1 Bd7 23. Nf4 Ke7 24. f3 f5 25. Rh1 Rg8 26. Rxh7 Rxg3 27. Ke2 Rgg8 28. Kf2 Kf6 29. Nd3 Kg6 30. Rh1 f6 31. Nf4+ Kf7 32. Rh7+ Rg7 33. Rh6 Ke7 34. a4 Rf7 35. Ra3 Kd6 36. a5 c5 37. axb6 axb6 38. Ra6 Rc6 39. b5 Bc8 40. Ra8 Rcc7 41. Rh8 Bd7 42. Rhd8 cxd4 43. exd4 Rc2+ 44. Ke3 Re7+ 45. Kd3 Rb2 46. Ra7 Rxb5 47. Ng6 Rg7 48. Nf8 Rb3+ 49. Kc2 Re3 50. Rdxd7+ Rxd7 51. Rxd7+ Kc6 52. Kd2 Ra3 53. Rg7 Kb5 54. Ne6 Kc4 55. Rc7+ Kb4 56. Nf4 Ra2+ 57. Kd3 Kb5 58. Nxd5 Rxg2 59. Nc3+ Ka6 60. Rf7 Rg8 61. Rxf6 1-0